| 000 | 01079nam a2200265 i 4500 | ||
|---|---|---|---|
| 001 | 184233 | ||
| 003 | ES-MaACL | ||
| 005 | 20230906222125.0 | ||
| 008 | 150526s1973 sp ao e |||| |dspa d | ||
| 020 | _a84-7017-392-8 | ||
| 080 | _a7:069(456.31) | ||
| 245 | 0 | 0 |
_aMuseos del Vaticano : _bRoma / _c[presentación de Paolo dalla Torre del Tempio di Sanguinetto ; prefacio de Dioclécio Redig de Campos ; textos de Gigetta dalli Regoli ... [et al.] ; traducción de Xavier Gispert, Máximo Cortini]. |
| 260 |
_aBarcelona : _bArgos, _c[1973] |
||
| 300 |
_a172 p. : _bil. col., fot. ; _c29 cm. |
||
| 490 | 1 |
_aEnciclopedia de los museos ; _v13 |
|
| 504 | _aBibliografía: p. 168. | ||
| 650 |
_aMuseos- _zCiudad del Vaticano. _915365 |
||
| 700 | 1 |
_aDalli Regoli, Gigetta. _9156879 |
|
| 700 | 1 |
_aGispert, Javier. _9156892 |
|
| 700 | 1 |
_aCortini, Máximo. _940954 |
|
| 830 | 1 |
_aEnciclopedia de los museos ; _v13 _9192084 |
|
| 852 |
_aES-MaACL _jE-15643 _z- Enc. guaflex |
||
| 852 |
_aES-MaACL _jL-30418 _z- Enc. guaflex _z- Donat. Miguel A. Velasco |
||
| 999 |
_c184233 _d184233 |
||